000 00520pab a2200181 454500
008 180718b2007 xxu||||| |||| 00| 0 eng d
100 _aGuha, Abhijit
245 _aPeasant resistance in West Bengal a decade before Singur and Nandigram
260 _c2007
300 _ap.3706-711.
362 _a15 Sep
650 _aPeasantry - India - West Bengal
650 _aAgricultural land - India - West Bengal
650 _aAgricultural land
773 _aEconomic and Political Weekly
908 _aN
909 _a75889
999 _c75889
_d75889